Algebraic geometry and topology : a symposium in honor of S. Lefschetz /

Guardado en:
Otros Autores: Fox, Ralph H. 1913- (Editor ), Spencer, D. C. (Editor ), Tucker, Albert W. 1905- (Editor ), Lefschetz, Solomon, 1884-1972.
Formato: Libro
Idioma:Multiple
Publicado: Princeton : Princeton University Press, 1957.
Series:Princeton mathematical series ; 12
Etiquetas: Agregar Etiqueta
Sin Etiquetas, Sea el primero en etiquetar este registro!
LEADER 00968nam a22002055a 4500
001 MAT.inmabb001641
008 031124s1957####njuc##########010#0#mul#d
005 20170817163126.0
245 0 0 |a Algebraic geometry and topology :  |b a symposium in honor of S. Lefschetz /  |c edited by R. H. Fox, D. C. Spencer, A. W. Tucker, for the Dept. of Mathematics, Princeton University. 
260 |a Princeton :  |b Princeton University Press,  |c 1957. 
300 |a viii, 399 p. :  |b retr. ;  |c 24 cm. 
440 0 |a Princeton mathematical series ;  |v 12 
500 |a "Papers ... contributed by mathematical colleagues of S. Lefschetz to celebrate his 70th birthday (September 3, 1954)." 
700 1 |a Fox, Ralph H.  |q (Ralph Hartzler),  |d 1913-  |4 edt 
700 1 |a Spencer, D. C.  |4 edt 
700 1 |a Tucker, Albert W.  |q (Albert William),  |d 1905-  |4 edt 
700 1 |a Lefschetz, Solomon,  |d 1884-1972. 
084 |a 00B30  |a 51-XX  |a 54-XX  |2 msc2000 
010 |a  56008376  
859 |h 00B30  |i Al394  |p A-2069  |b BIB. MATEMATICA